Journal of laboratory science (JLS) (Record no. 38421)

MARC details
000 -LEADER
fixed length control field 00544nam a2200157Ia 4500
022 ## - INTERNATIONAL STANDARD SERIAL NUMBER
ISSN 23156546
050 ## - CALL MARK
Classification number T 28.N6 .N494/
245 #0 - TITLE STATEMENT
Title Journal of laboratory science (JLS)
260 ## - PUBLICATION, DISTRIBUTION, ETC. (IMPRINT)
Place of publication Ibadan
260 ## - PUBLICATION, DISTRIBUTION, ETC. (IMPRINT)
Name of publisher Development Universal Consortia
260 ## - PUBLICATION, DISTRIBUTION, ETC. (IMPRINT)
Year of publication 2012
650 ## - SUBJECT ADDED ENTRY--TOPICAL TERM
Topical Term Nigerian Institute of Science Laboratory Technology--Periodicals. Technologists--Accreditation--Nigeria--Periodicals. Technologists--Training of--Nigeria--Periodicals.
942 ## - ADDED ENTRY ELEMENTS (KOHA)
Koha item type Serials

No items available.